000 00690nam a22002297a 4500
005 20170124110049.0
010 _aA-944245
020 _c495.00
_a8175240156
035 _aA-944245
037 _bCen Lib/Ret
040 _aDPL
_bEN
082 _a613.7
_bSHA
100 _aShaw, Dhananjay
_980984
245 _aBiomechanics and kinesiology of human motion /
_cby Dhananjay Shaw
260 _aNew Delhi
_bKhel sahitya kendra
_c1998
270 _bNew Delhi
_aAshok vihar
_e110052
300 _a224p.
_c21cm(Hb)
500 _aIncludes bibliographical references
650 _aBiomechnics
_924957
650 _aHuman motion
_924958
942 _2ddc
_cEN
_h613.7
_mSHA
999 _c128963
_d128963